Odpowiedź zaczynają się na F - Statystyki

Ogólne statystyki
  • Ten quiz został rozwiązany 55 razy
    44 od ostatniego zresetowania
  • Średni wynik to 8 z 11
Statystyki odpowiedzi
Hint Odpowiedź % Poprawnych
Kolor Fioletowy
100%
Przewinienie w piłce nożnej Faul
93%
Państwo z białym krzyżem na fladze Finlandia
93%
Zwierzęcie żyjące na biegunie Foka
93%
Kwiat Fiołek
85%
Teletyrniej Familiada
78%
Symbol narodowy Polski Flaga
78%
Coś gdzie można pić herbate Filiżanka
71%
Tam jest opera Filharmonia
56%
Stolica Sierra Leone Freetown
24%
Duże miasto Szwajcarskie Fryburg
5%
Nie znaleziono quizów pasujących do podanych kryteriów
Rozkład punktacji
Procent ludzi z każdym wynikiem
Percentyl według liczby udzielonych odpowiedzi
Twoja historia wyników
Nie rozwiązałeś tego quizu od ostatniego zresetowania